000 00413nam a2200133Ia 4500
008 220216s9999 xx 000 0 und d
100 _aNehru C R
245 0 _aIncidence of bark feeding caterpillar Aetherastis circulata Meyer on rubber (Hevea brasiliensis Muell Arg.)
260 _bIndian Journal of Plant Protection
_c1983
300 _a150
700 _aJayarathnam K
700 _aPillai P N R
942 _cJS
999 _c60983
_d60983